Managing people in organizations / (Record no. 222430)
[ view plain ]
| 000 -LEADER | |
|---|---|
| fixed length control field | 00645nam a22002057a 4500 |
| 005 - DATE AND TIME OF LATEST TRANSACTION | |
| control field | 20220413142001.0 |
| 008 - FIXED-LENGTH DATA ELEMENTS--GENERAL INFORMATION | |
| fixed length control field | 220413b ||||| |||| 00| 0 eng d |
| 020 ## - INTERNATIONAL STANDARD BOOK NUMBER | |
| International Standard Book Number | 9781352004069 |
| 040 ## - CATALOGING SOURCE | |
| Transcribing agency | AIMIT LIBRARY |
| 082 ## - DEWEY DECIMAL CLASSIFICATION NUMBER | |
| Edition number | 1 |
| Classification number | 658.312 |
| Item number | KLIT |
| 100 ## - MAIN ENTRY--PERSONAL NAME | |
| Personal name | Klikauer, Thomas. |
| 9 (RLIN) | 29884 |
| 245 ## - TITLE STATEMENT | |
| Title | Managing people in organizations / |
| Statement of responsibility, etc. | By Thomas Klikauer. |
| 250 ## - EDITION STATEMENT | |
| Edition statement | 1st ed. |
| 260 ## - PUBLICATION, DISTRIBUTION, ETC. | |
| Place of publication, distribution, etc. | Lodon : |
| Name of publisher, distributor, etc. | Red Globe Press , |
| Date of publication, distribution, etc. | 2019. |
| 300 ## - PHYSICAL DESCRIPTION | |
| Extent | xvii,277p ; |
| Other physical details | PB |
| Dimensions | 26 cm. |
| 650 ## - SUBJECT ADDED ENTRY--TOPICAL TERM | |
| Topical term or geographic name entry element | Strategies to manage people. |
| 9 (RLIN) | 29885 |
| 650 ## - SUBJECT ADDED ENTRY--TOPICAL TERM | |
| Topical term or geographic name entry element | Managing People ethically. |
| 9 (RLIN) | 29886 |
| 650 ## - SUBJECT ADDED ENTRY--TOPICAL TERM | |
| Topical term or geographic name entry element | Creating Success. |
| 9 (RLIN) | 29887 |
| 942 ## - ADDED ENTRY ELEMENTS (KOHA) | |
| Source of classification or shelving scheme | Dewey Decimal Classification |
| Koha item type | Book |
| Edition | 1st |
| Call number prefix | 658.312 KLIT |
| Withdrawn status | Lost status | Source of classification or shelving scheme | Damaged status | Not for loan | Collection code | Home library | Current library | Date acquired | Source of acquisition | Cost, normal purchase price | Inventory number | Total Checkouts | Full call number | Barcode | Date last seen | Cost, replacement price | Price effective from | Koha item type |
|---|---|---|---|---|---|---|---|---|---|---|---|---|---|---|---|---|---|---|
| Dewey Decimal Classification | MBA | St Aloysius Institute of Management & Information Technology | St Aloysius Institute of Management & Information Technology | 03/24/2022 | Biblios Book Point | 4529.91 | Bill no:6621; Bill dt:2022-03-22 | 658.312 KLIT | MBA14366 | 05/23/2026 | 3623.93 | 04/13/2022 | Book |